000 00382nam a2200157Ia 4500
008 151213s9999 xx 000 0 und d
100 _aV . A Zeithamal
245 _aService Marketing
_cV . A Zeithamal
250 _a1st
260 _aLondon
_bMc Graw Hill
_c1996
300 _a2772 p.
650 _aMarketing
650 _aMarketing
700 _aV . A Zeithamal
999 _c1882
_d1882